000
00495nam a2200181Ia 4500
008
090124s9999 xx 000 0 und d
082
_b
127965
100
_a
दळवी श्रीकांत
245
_a
जीवन मरण
250
_a
1
260
_c
1997
300
_a
676
600
_a
दळवी श्रीकांत
630
_a
जीवन मरण
700
_a
दळवी श्रीकांत
730
_a
जीवन मरण
942
_c
BOOK
999
_c
174054
_d
174054